[Event "Verona op-B"]
[Site "Verona"]
[Date "2017.01.06"]
[Round "7.4"]
[White "Casalini, Vittorio"]
[Black "Solaroli, Riccardo"]
[Result "1/2-1/2"]
[WhiteElo "1740"]
[BlackElo "1839"]
[PlyCount "58"]
[EventDate "2017.01.02"]
[EventType "swiss"]
[EventRounds "7"]
[EventCountry "ITA"]
[SourceTitle "EXT 2018"]
[Source "ChessBase"]
[SourceDate "2017.10.13"]
[SourceVersion "1"]
[SourceVersionDate "2017.10.13"]
[SourceQuality "1"]

1. d4 Nf6 2. c4 g6 3. Nc3 d5 4. Nf3 Bg7 5. Qb3 dxc4 6. Qxc4 c6 7. e4 Nbd7 8. Bg5 0-0 9. Be2 Nb6 10. Qd3 Bg4 11. Rd1 Qc7 12. 0-0 h6 13. Be3 Rad8 14. Qc2 Bxf3 15. Bxf3 Nc4 16. Bc1 e5 17. d5 Nd6 18. Qb3 c5 19. Be3 a6 20. a4 Rb8 21. Ra1 b6 22. Rfc1 Rfc8 23. g3 Nb7 24. Bg2 Na5 25. Qd1 Nc4 26. Qe2 Nxe3 27. Qxe3 Ne8 28. Na2 Qd7 29. Nc3 Nd6 1/2-1/2

[Event "Verona op-B"]
[Site "Verona"]
[Date "2017.01.04"]
[Round "4.9"]
[White "Casalini, Vittorio"]
[Black "Tomio, Dante"]
[Result "1-0"]
[WhiteElo "1740"]
[BlackElo "1777"]
[PlyCount "43"]
[EventDate "2017.01.02"]
[EventType "swiss"]
[EventRounds "7"]
[EventCountry "ITA"]
[SourceTitle "EXT 2018"]
[Source "ChessBase"]
[SourceDate "2017.10.13"]
[SourceVersion "1"]
[SourceVersionDate "2017.10.13"]
[SourceQuality "1"]

1. d4 d5 2. c4 c6 3. Nc3 Nf6 4. cxd5 cxd5 5. f3 Nc6 6. e4 e6 7. Be3 Bb4 8. Bd3 dxe4 9. fxe4 e5 10. d5 Nd4 11. Qa4+ Nc6 12. Bb5 Nxd5 13. exd5 Bxc3+ 14. bxc3 Qxd5 15. Nf3 0-0 16. Rd1 Qe6 17. 0-0 h6 18. Bc5 Re8 19. Bc4 Qg6 20. Nxe5 Nxe5 21. Qxe8+ Kh7 22. Qxe5 1-0

[Event "Verona op-B"]
[Site "Verona"]
[Date "2017.01.02"]
[Round "1.22"]
[White "Feichter, Matthias"]
[Black "Casalini, Vittorio"]
[Result "0-1"]
[WhiteElo "1611"]
[BlackElo "1740"]
[PlyCount "122"]
[EventDate "2017.01.02"]
[EventType "swiss"]
[EventRounds "7"]
[EventCountry "ITA"]
[SourceTitle "EXT 2018"]
[Source "ChessBase"]
[SourceDate "2017.10.13"]
[SourceVersion "1"]
[SourceVersionDate "2017.10.13"]
[SourceQuality "1"]

1. e4 c5 2. Nc3 Nc6 3. f4 g6 4. Nf3 Bg7 5. Bc4 e6 6. 0-0 Nge7 7. d3 d5 8. exd5 exd5 9. Bb5 0-0 10. Bxc6 Nxc6 11. Kh1 a6 12. Qe1 Bg4 13. Qf2 Nd4 14. Nxd4 Bxd4 15. Be3 Bxe3 16. Qxe3 d4 17. Qg3 Be6 18. Ne4 Rc8 19. f5 Bd5 20. f6 Rc6 21. Qg5 Bxe4 22. dxe4 h5 23. e5 Kh7 24. Rf3 Rh8 25. Rh3 Kg8 26. Rg1 Qd5 27. Re1 c4 28. Qg3 d3 29. cxd3 cxd3 30. Qxd3 Qxe5 31. Rhe3 Qxf6 32. b3 Kg7 33. h3 Rd8 34. Qe2 Rcd6 35. Qc4 Rd4 36. Qc7 R8d7 37. Qc5 Qd6 38. Qxd6 R4xd6 39. Kh2 Rd3 40. Rxd3 Rxd3 41. Re2 Kf6 42. Kg1 b5 43. Kf1 Kf5 44. Rc2 Rd6 45. Re2 Re6 46. Rd2 Ke4 47. Ke2 Kf4+ 48. Kf2 h4 49. Rd4+ Re4 50. Rd6 Re6 51. Rd4+ Ke5 52. Rxh4 Rf6+ 53. Ke2 Rf4 54. Rh8 Kf5 55. Ra8 Re4+ 56. Kf2 Re6 57. Rc8 f6 58. Rc5+ Ke4 59. Rc3 Kd4 60. Rg3 f5 61. Rf3 Rc6 0-1